From Ape to Angel : An Informal History of Social Anthropology /

Sparad:
Bibliografiska uppgifter
Huvudupphov: Hays, H.R (autor)
Materialtyp: Bok
Språk:engelska
Ämnen:
Taggar: Lägg till en tagg
Inga taggar, Lägg till första taggen!

MARC

LEADER 00000nam^a2200000^a^4500
001 000027380
005 20250521000000.0
009 20260310084808.145
037 |a Acervo ITESO - Biblioteca 
041 |a ING 
082 |a 306. 09  |b HAY 
100 |a Hays, H.R.  |e (autor) 
245 1 0 |a From Ape to Angel :  |b An Informal History of Social Anthropology /  |c H.R. Hays 
264 |a Nueva York, EUA :  |b Alfred A. Knopf,  |c 1958 
300 |a 440 p. 
336 |a texto  |b txt  |2 rdacontenido 
337 |a sin mediación  |b n  |2 rdamedio 
338 |a volumen  |b nc  |2 rdasoporte 
649 |a XX 
650 |a Antropología Cultural -  |x Historia 
650 |a Sociología de la Cultura 
910 |a Fondo General 
920 |a Impresos - Libros 
930 |a Colección General 
905 |a 101 
901 |a 0273800100  |b IT1  |c ACC  |i 027380  |u 20250521 
902 |a https://opac.biblio.iteso.mx/vufind/Record/000027380